Πιο Παρόμοιες Γλώσσες με τα Ελληνικά - Statistics

General Stats
  • This quiz has been taken 29 times
  • The average score is 3 of 10
Answer Stats
Δείκτης Γλώσσα % Correct
64,4 Ιταλικά
88%
67,2 Γαλλικά
76%
67,2 Ρουμανικά
44%
62,7 Λατινικά
40%
69,7 Πορτογαλικά
36%
68,1 Ολλανδικά
8%
66,5 Νορβηγικά
4%
67,1 Λιθουανικά
4%
69,0 Καταλανικά
4%
69,7 Δανέζικα
4%
No matching quizzes found
Score Distribution
Percent of People with Each Score
Percentile by Number Answered
Your Score History
You have not taken this quiz